Statistics for Baseball All Century Team

Click here to take the quiz!

General Stats

  • This quiz has been taken 309 times
  • The average score is 6 of 9

Answer Stats

HintAnswer% Correct
OutfieldBabe Ruth
94%
CatcherJohnny Bench
80%
Starting PitcherNolan Ryan
71%
1st BasemanLou Gehrig
68%
OutfieldHank Aaron
64%
OutfieldTed Williams
62%
3rd BasemanMike Schmidt
60%
ShortstopCal Ripken Jr.
56%
2nd BasemanJackie Robinson
55%

Score Distribution

Percentile by Number Answered

Percent of People with Each Score

Your Score History

You have not taken this quiz